000 00570nam a2200193Ia 4500
020 _a(pbk)
082 _a297.7
_bMUH
_cL-31,p-133
100 _aMuhammad Hamidullah
_99461
245 _aThe Battlefields of the Prophet of Allah (S.A.W.)
_cMuhammad Hamidullah
260 _aKarachi:
_bHuzaifah Publications,
300 _a65p.
526 _a0
_b0
_c0
_d297_700000000000000_MUH
650 _aBadr- Battle of- 624
_937489
650 _aIslam -- History
_937202
650 _aMCE
_9379
650 _aMCE
_9379
650 _aUhud- Battle of- 625
_937490
942 _2ddc
_cBK
999 _c542356
_d542356